[Event "Ceriano Laghetto op-B 20th"]
[Site "Ceriano Laghetto"]
[Date "2011.04.02"]
[Round "3"]
[White "Carbone, Lorenzo"]
[Black "Brigatti, Lorenzo"]
[Result "0-1"]
[WhiteElo "1733"]
[BlackElo "1830"]
[PlyCount "118"]
[EventDate "2011.04.01"]
[EventType "swiss"]
[EventRounds "5"]
[EventCountry "ITA"]
[SourceTitle "EXT 2023"]
[Source "ChessBase"]
[SourceDate "2022.10.05"]
[SourceVersion "1"]
[SourceVersionDate "2022.10.05"]
[SourceQuality "1"]

1. e4 c5 2. Nf3 d6 3. d4 cxd4 4. Nxd4 Nf6 5. Nc3 g6 6. Be3 Bg7 7. Bc4 Nc6 8. Nxc6 bxc6 9. h3 0-0 10. Qd2 Qa5 11. f3 Rb8 12. Bb3 Be6 13. 0-0-0 Nd7 14. Bd4 Nc5 15. Bxe6 fxe6 16. Bxg7 Kxg7 17. a3 e5 18. Na2 Qa6 19. Rhf1 Na4 20. b3 Nc5 21. Kb2 Na4+ 22. Ka1 Nc5 23. Kb2 Qb7 24. Qb4 Qc8 25. Qc4 a5 26. Nc3 Qe6 27. Qxe6 Nxe6 28. Ne2 Rb7 29. Ka2 Rbb8 30. g3 Rf7 31. Rf2 Rbf8 32. Ng1 Ng5 33. Re1 Nxf3 34. Nxf3 Rxf3 35. Rg2 Rc3 36. h4 Rff3 37. g4 Rce3 38. Rh1 Rg3 39. Rf2 Ref3 40. Rfh2 Rxg4 41. h5 g5 42. Re2 Rff4 43. Rhe1 Kh6 44. a4 Kxh5 45. b4 axb4 46. a5 Rg3 47. Re3 Rff3 48. Rb3 Rxb3 49. cxb3 Rf3 50. Kb2 Rf8 51. Kc2 Ra8 52. Ra1 Ra6 53. Kd3 g4 54. Kc4 Kg5 55. Kxb4 h5 56. Kc4 h4 57. b4 g3 58. b5 cxb5+ 59. Kxb5 Ra8 0-1